00423cam a2200157ua 45000010005000000080039000050400009000440820008000531000018000612450052000792500009001312600059001403000016001996530014002156530036002291718110716n ii |||gr||||Z||||||eng cMAIN a330 aMehta, Asoka,1 aEconomic revolution of our timecby Asoka mehta a1st. aChandigarh:bPanjab university publication bureau,966. a56p:c23cm. aEconomics aeconomic revolution of our time